000 00254nam a2200097Ia 4500
001 1119489
005 20250827004146.0
008 250824s9999 xx 000 0 und d
245 0 _aVAKİTSİZ KAYBEDENLER S3 3
_cEDDİ ANTER
260 _bDESTEK YAYINLARI
999 _c1119489
_d1119489